000 00626nam a2200217 a34500
003 OSt
005 20150302184635.0
008 050513s2005 esp j spa d
020 _z84-348-4448-6
040 _cBMC
082 _a808.068083
100 1 _aLozano Carbayo, Pilar
_930700
245 1 0 _aSiete reporteros y un periódico
_cPilar Lozano Carbayo
260 _aMadrid
_bSM
_cD.L. 2005
300 _a137 p.
_bil.
_c19 cm
490 0 _aEl Barco de vapor
_v175
500 _aEn la cub.: Premio El Barco de Vapor
581 _aPremio El Barco de vapor 2005.
650 2 4 _929811
_aCuentos infantiles
942 _2ddc
_cBK
999 _c17769
_d17769